Conjugaison - boire - Statistiques

Statistiques générales
  • Ce quiz a été pris 20 fois
  • Le résultat moyen est 49 sur 96
Statistiques - réponses
Mode Temps Pronom Réponse % Correct
Indicatif Présent Je bois
100%
Indicatif Passé composé Il / elle / on a bu
94%
Indicatif Passé composé J' ai bu
94%
Indicatif Passé composé Tu as bu
94%
Indicatif Passé composé Vous avez bu
94%
Indicatif Passé composé Nous avons bu
94%
Indicatif Présent Tu bois
94%
Indicatif Présent Il / elle / on boit
94%
Indicatif Présent Ils / elles boivent
94%
Indicatif Présent Vous buvez
94%
Indicatif Présent Nous buvons
94%
Indicatif Passé composé Ils / elles ont bu
94%
Indicatif Imparfait Je buvais
82%
Indicatif Imparfait Tu buvais
82%
Indicatif Imparfait Il / elle / on buvait
82%
Indicatif Imparfait Vous buviez
76%
Indicatif Imparfait Nous buvions
76%
Indicatif Futur simple Il / elle / on boira
71%
Indicatif Futur simple Je boirai
71%
Indicatif Futur simple Tu boiras
71%
Indicatif Futur simple Vous boirez
71%
Indicatif Futur simple Nous boirons
71%
Indicatif Futur simple Ils / elles boiront
71%
Indicatif Passé simple Ils / elles burent
71%
Indicatif Passé simple Je bus
71%
Indicatif Passé simple Tu bus
71%
Indicatif Passé simple Il / elle / on but
71%
Indicatif Passé simple Vous bûtes
71%
Indicatif Imparfait Ils / elles buvaient
71%
Indicatif Plus-que-parfait Ils / elles avaient bu
65%
Indicatif Plus-que-parfait J' avais bu
65%
Indicatif Plus-que-parfait Tu avais bu
65%
Indicatif Plus-que-parfait Il / elle / on avait bu
65%
Indicatif Plus-que-parfait Vous aviez bu
65%
Indicatif Plus-que-parfait Nous avions bu
65%
Indicatif Passé simple Nous bûmes
65%
Indicatif Futur antérieur J' aurai bu
59%
Indicatif Futur antérieur Il / elle / on aura bu
53%
Indicatif Futur antérieur Tu auras bu
53%
Indicatif Futur antérieur Vous aurez bu
53%
Indicatif Futur antérieur Nous aurons bu
53%
Indicatif Futur antérieur Ils / elles auront bu
53%
Conditionnel Présent Je boirais
53%
Impératif Présent (tu) bois
53%
Impératif Présent (vous) buvez
53%
Impératif Présent (nous) buvons
53%
Conditionnel Présent Ils / elles boiraient
47%
Conditionnel Présent Tu boirais
47%
Conditionnel Présent Il / elle / on boirait
47%
Conditionnel Présent Vous boiriez
47%
Conditionnel Présent Nous boirions
47%
Indicatif Passé antérieur Ils / elles eurent bu
47%
Indicatif Passé antérieur J' eus bu
47%
Indicatif Passé antérieur Tu eus bu
47%
Indicatif Passé antérieur Il / elle / on eut bu
47%
Indicatif Passé antérieur Vous eûtes bu
47%
Conditionnel Passé Ils / elles auraient bu
41%
Conditionnel Passé J' aurais bu
41%
Conditionnel Passé Tu aurais bu
41%
Conditionnel Passé Il / elle / on aurait bu
41%
Conditionnel Passé Vous auriez bu
41%
Conditionnel Passé Nous aurions bu
41%
Infinitif Présent - boire
41%
Indicatif Passé antérieur Nous eûmes bu
41%
Subjonctif Présent Que je boive
35%
Infinitif Passé - avoir bu
29%
Subjonctif Présent Qu'il / qu'elle / qu'on boive
29%
Subjonctif Présent Que tu boives
29%
Participe Présent - buvant
29%
Subjonctif Présent Qu'ils / qu'elles boivent
24%
Participe Passé - bu
24%
Subjonctif Présent Que vous buviez
24%
Subjonctif Présent Que nous buvions
24%
Gérondif Passé - en ayant bu
24%
Gérondif Présent - en buvant
24%
Subjonctif Plus-que-parfait Que j' eusse bu
24%
Subjonctif Plus-que-parfait Qu'ils / qu'elles eussent bu
24%
Subjonctif Plus-que-parfait Que tu eusses bu
24%
Subjonctif Plus-que-parfait Que vous eussiez bu
24%
Subjonctif Plus-que-parfait Que nous eussions bu
24%
Subjonctif Plus-que-parfait Qu'il / qu'elle / qu'on eût bu
24%
Subjonctif Passé Que j' aie bu
18%
Subjonctif Passé Qu'ils / qu'elles aient bu
18%
Subjonctif Passé Que tu aies bu
18%
Subjonctif Passé Qu'il / qu'elle / qu'on ait bu
18%
Participe Passé - ayant bu
18%
Subjonctif Passé Que vous ayez bu
18%
Impératif Passé (vous) ayez bu
18%
Subjonctif Passé Que nous ayons bu
18%
Impératif Passé (nous) ayons bu
18%
Subjonctif Imparfait Que je busse
18%
Subjonctif Imparfait Qu'ils / qu'elles bussent
18%
Subjonctif Imparfait Que tu busses
18%
Subjonctif Imparfait Que vous bussiez
18%
Subjonctif Imparfait Que nous bussions
18%
Subjonctif Imparfait Qu'il / qu'elle / qu'on bût
18%
Aucun quiz correspondant
Distribution des résultats
% des personnes avec chaque résultat
Percentile par nombre de réponses
Votre historique - résultats
Vous n’avez pas pris ce quiz